| 000 | 01460cam a22003854a 4500 | ||
|---|---|---|---|
| 001 | 13849786 | ||
| 005 | 20050316113824.0 | ||
| 008 | 040716s2004 be b 100 0 eng | ||
| 010 | _a 2005354252 | ||
| 020 | _a9780415250979 | ||
| 035 | _a(OCoLC)ocm55963205 | ||
| 040 |
_aDLC _cDLC _dDLC |
||
| 041 | 0 |
_aeng _afre |
|
| 042 | _apcc | ||
| 050 | 0 | 0 |
_aHF1352 _b.A25 2004 |
| 072 | 7 |
_aHD _2lcco |
|
| 082 | 0 | 0 |
_a337 _222 _bGLE |
| 245 | 0 | 0 |
_aGlobalisation : _bNorth-South Perspectives _cJohn Glenn |
| 246 | 3 | _aAbout globalization | |
| 260 |
_aLondon : _aNew York : _bRoutledge, _cc.2007. |
||
| 300 |
_a283 p. ; _c24 cm. |
||
| 490 | 0 |
_aPublication series / Institute for European studies ; _vnr. 1 |
|
| 500 | _aIncludes Index. | ||
| 504 | _aIncludes bibliographical references (p. 319-340). | ||
| 650 | 0 |
_aInternational economic relations _vCongresses. _95891 |
|
| 650 | 0 |
_aGlobalization _xEconomic aspects _vCongresses. _95892 |
|
| 650 | 0 |
_aIntellectual property _vCongresses. _95893 |
|
| 650 | 0 |
_aInternational cooperation _vCongresses. _95894 |
|
| 700 | 1 |
_aSchutter, Bart de. _95895 |
|
| 700 | 1 |
_aPas, Johan. _95896 |
|
| 710 | 2 |
_aVrije Universiteit Brussel. _bInstitute for European Studies. _95897 |
|
| 942 |
_2ddc _cBB |
||
| 999 |
_c11765 _d11765 |
||